000 01992cam a22005054i 4500
003 PE-LiUPU
005 20250731165648.0
008 150616s r 000 0 d
020 _a1555405118
035 _a(Sirsi) i9781555405113
040 _aPE-LiUPU
_bspa
_cPE-LiUPU
_erda
049 _aPRUA
082 0 4 _a016.296155
_bF58
_221
100 1 _aFitzmyer, Joseph A.,
_eautor.
245 1 4 _aThe Dead Sea Scrolls :
_bMajor Publications and Tools for Study /
_cJoseph A. Fitzmyer.
264 1 _aAtlanta, Georgia :
_bScholars Press,
_c1990.
300 _a246 páginas ;
_c23 centímetros
336 _atext
_2rdacontent
337 _aunmediated
_2rdamedia
338 _avolume
_2rdacarrier
490 0 _aSBL Resources for Biblical Study ;
_v20
505 0 _aThe system of abbrevation used for the dead sea scrolls.- The dead sea scrolls: major publications.- Bibliographies of the dead sea scrolls.- Survey articles and preliminary reports on unpublished materials.- Lists of the dead sea scrolls and fragments.- Etc..
526 _aSEG44
526 _aSEG26
526 _aP151
526 _aP150
526 _aP149
526 _aP146
526 _aP145
526 _aP126
526 _aP125
526 _aP92
526 _aP75
526 _aP74
526 _aP27
526 _aP15
650 0 4 _aMANUSCRITOS DEL MAR MUERTO
_xBIBLIOGRAFIA.
910 _ajck
_bjvq
_cjck
942 _2ddc
_cBOOK
949 _aRC 016.296155 F58
_wDEWEY
_c1
_i42915
_lCCODEBUL1
_mBUL
_r0
_sY
_tBOOK
_u2015-6-16
_xTEOLOGIA
_zUNKNOWN
_0COMPRA
_o.CIRCNOTE. No olvidar cambiar la fecha de devolución!!!!!!!
_o.STAFF. Colección General
994 _aC0
_bPEPRU
596 _a1
999 _aRC 016.296155 F58
_wDEWEY
_c60884
_i42915
_f2021-11-8
_g5
_lCCODEBUL1
_mBUL
_r1
_sY
_tBOOK
_u2015-6-16
_xTEOLOGIA
_zUNKNOWN
_0COMPRA
_o.CIRCNOTE. No olvidar cambiar la fecha de devolución!!!!!!!
_o.STAFF. Colección General
_d60884
980 _81
_gALBERTO SANCHEZ Responsable de Automatización